000 00530nam a2200229Ia 4500
003 OSt
005 20220916111031.0
006 a|||||r|||| 00| 0
007 ta
008 220915b |||||||| |||| 00| 0 eng d
024 _a124065
037 _cTextbook
040 _beng
_aARTS
_cARTS
041 _aeng
082 _aV67:1:N3, H2
100 _aBrodrick A H
245 0 _aNorth Africa
260 _c1942
650 _aHISTORY
942 _hV67:1:N3, H2
_cTB
_2CC
999 _c103997
_d103997